Estatísticas para Cidades

Clique aqui para jogar o quiz

Estatísticas Gerais

  • Esse quiz foi jogado 24 vezes
  • A pontuação média é 9 de 15

Estatísticas das Respostas

HintResposta% Correto
8.Berlim
83%
2.Rio
83%
1.Tóquio
83%
7.Nairóbi
75%
12.Lisboa
71%
4.Estocolmo
67%
13.Moscovo
63%
14.Oslo
63%
9.Helsínquia
58%
6.Bogotá
54%
3.Denver
50%
10.Palermo
46%
11.Marselha
38%
5.Manila
33%
15.Pamplona
17%

Distribuição das Pontuações

Percentil de Números Respondidos

Porcentagem de Pessoas com Cada Pontuação

Sua Pontuação Histórica

Você não jogou esse quiz